US Presidents by Letter- T - Statistics

General Stats
  • This quiz has been taken 29 times
  • The average score is 5 of 5
Answer Stats
Hint Answer % Correct
33rd President Harry S. Truman
100%
45th President Donald Trump
96%
10th President John Tyler
92%
27th President William Taft
88%
12th President Zachary Taylor
85%
No matching quizzes found
Score Distribution
Percent of People with Each Score
Percentile by Number Answered
Your Score History
You have not taken this quiz